Návrh univerzálneho upínacieho prípravku
Salvato in:
| Autore principale: | |
|---|---|
| Altri autori: | |
| Natura: | Manoscritto Libro |
| Lingua: | slovacco |
| Pubblicazione: |
2021
|
| Soggetti: | |
| Accesso online: | http://is.stuba.sk/zp/portal_zp.pl?podrobnosti=160475 |
| Tags: |
Nessun Tag, puoi essere il primo ad aggiungerne!!
|
MARC
| LEADER | 00000ntm a22000003a 4500 | ||
|---|---|---|---|
| 001 | stuzp84042 | ||
| 003 | SK-STU | ||
| 005 | 20210612212509.8 | ||
| 007 | ta | ||
| 008 | 150427s2015----xo-----f-mn---000-0-slo-d | ||
| 040 | |a STU |b slo | ||
| 041 | 0 | |a slo | |
| 100 | 1 | |a Meliš, Martin |u 063000 |k Z4 |4 aut |U MTF Materiálovotechnologická fakulta |T MTF Ústav výrobných technológií |X 85665 |U M3000 |Y 83 |7 85665 | |
| 242 | 0 | 1 | |a Design of a universal clamping device |y eng |
| 245 | 1 | 0 | |a Návrh univerzálneho upínacieho prípravku |
| 260 | |c 2021 | ||
| 650 | 4 | |a návrh |2 slo | |
| 650 | 4 | |a prípravok |2 slo | |
| 650 | 4 | |a ustavenie |2 slo | |
| 650 | 4 | |a upínanie |2 slo | |
| 650 | 4 | |a design |2 eng | |
| 650 | 4 | |a fixture |2 eng | |
| 650 | 4 | |a locating |2 eng | |
| 650 | 4 | |a clamping |2 eng | |
| 700 | 1 | |a Šimna, Vladimír |u 063200 |k Z1 |4 ths |U MTF Ústav výrobných technológií |T MTF Katedra obrábania a počítačovej podpory technológií |X 30333 |U M3200 |Y 164 |7 A000030333 | |
| 856 | 4 | |u http://is.stuba.sk/zp/portal_zp.pl?podrobnosti=160475 | |
| 996 | |c M* DP-14714 |l MMSKP |s P |a 0 |w stuzp84042_0001 | ||